Biblia das ist die gantze beilige schristi alten und neuen testaments berteutscht durch D. Martin Luther. (Record no. 8241)

MARC details
000 -CABECERA
campo de control de longitud fija 01128nam a2200301 a 4500
001 - NÚMERO DE CONTROL
campo de control BRCA_8578
005 - FECHA Y HORA DE LA ÚLTIMA TRANSACCIÓN
campo de control 20190320210333.0
008 - DATOS DE LONGITUD FIJA--INFORMACIÓN GENERAL
campo de control de longitud fija 190816s1704----gw-a######---#000-0#ger-#
041 ## - CÓDIGO DE LENGUA
Código de lengua del texto/banda sonora o título independiente ger
044 ## - CÓDIGO DEL PAÍS DE LA ENTIDAD EDITORA/PRODUCTORA
Código MARC del país gw
050 #4 - SIGNATURA TOPOGRÁFICA DE LA BIBLIOTECA DEL CONGRESO
Número de clasificación BS199
Número de documento/Ítem .L884
-- 1704
245 10 - MENCIÓN DE TÍTULO
Título Biblia das ist die gantze beilige schristi alten und neuen testaments berteutscht durch D. Martin Luther.
260 ## - PUBLICACIÓN, DISTRIBUCIÓN, ETC.
Lugar de publicación, distribución, etc. Frankfurt
Nombre del editor, distribuidor, etc. Dructts johann bhilipp andrea
Fecha de publicación, distribución, etc. 1704
300 ## - DESCRIPCIÓN FÍSICA
Extensión 1 vol. (con varias paginaciones)
Otras características físicas il.
Dimensiones 40 cm
500 ## - NOTA GENERAL
Nota general Fondo antiguo
500 ## - NOTA GENERAL
Nota general Se encuentra en Caja Fuerte
500 ## - NOTA GENERAL
Nota general W-38
500 ## - NOTA GENERAL
Nota general Grabado en la anteportada
500 ## - NOTA GENERAL
Nota general Portada impresa en dos tintas negro y rojo
500 ## - NOTA GENERAL
Nota general Incluye índice
500 ## - NOTA GENERAL
Nota general Estado físico: página 119 del capitulo CXII. XII se encuentra rota
500 ## - NOTA GENERAL
Nota general Texto escrito a dos columnas
500 ## - NOTA GENERAL
Nota general Nota de encuadernación: en piel con cartón, cantoneras de metal, el lomo se encuentra desprendido
506 0# - NOTA DE RESTRICCIONES AL ACCESO
Limitaciones de acceso Fondo reservado: para su consulta es necesario credencial de usuario y carta de motivos
650 14 - PUNTO DE ACCESO ADICIONAL DE MATERIA--TÉRMINO DE MATERIA
Término de materia o nombre geográfico como elemento de entrada Biblia
9 (RLIN) 21481
902 ## - CATALOGADOR
Iniciales LAR
942 ## - ELEMENTOS DE PUNTO DE ACCESO ADICIONAL (KOHA)
Fuente del sistema de clasificación o colocación Library of Congress Classification
Tipo de ítem Koha Libros
Holdings
Estado de retiro Estado de pérdida Estado dañado No para préstamo Localización permanente Ubicación/localización actual Fecha de adquisición Número de inventario Total de préstamos Signatura topográfica completa Código de barras Fecha visto por última vez Precio válido a partir de Tipo de ítem Koha
El ejemplar forma parte de la colección y puede ser consultado según las políticas vigentes.       Biblioteca del Museo Franz Mayer (Rogerio Casas-Alatriste) Biblioteca del Museo Franz Mayer (Rogerio Casas-Alatriste) 19/08/2016 W-38   BS199 .L884 1704 (W-38) LAR00083 22/03/2019 22/03/2019 Libros